00432nam a2200133 a 450000500170000000800410001702000170005805000240007510000180009924500690011726000460018630000310023265000350026320140310182406.0030508s19uu xx 00 eng d a97108-5180-2 aJQ 1411b.N793 1994 aNolledo, Jose aThe Constitution of the Republic of the Philippines explained /. aMandaluyong :bNational Bookstore,c1994. a544 p. :bmusic ; c26 cm. aConstitutions - - Philippines.